000 00224nam a22000977a 4500
999 _c262852
_d262851
020 _a9780425287453
100 _aFloyd Cooper
245 _aMax and the Tag-along Moon
260 _aNew York
_bPenguin Group
_c2013
942 _cBK